000 00423nam a2200169Ia 4500
003 GCL
008 140319s9999 xx 000 0 eng d
040 _aGCL /
_cGCL
082 0 4 _a615.1
_bR D
100 1 _aRANG, H. P.
245 1 0 _aPHARMACOLOGY /
_cRANG, H. P.
700 1 _aDALE, M. M.
260 _a[S.N] :
_bELBS WITH CHURCHILL LIVINGSTONE ،
_c1994
300 _a955 P
650 0 4 _aPHARMACOLOGY
942 _2ddc
_cBK
999 _c19873
_d19873